Principles and practices of rating valuation (Record no. 77285)

MARC details
000 -LEADER
fixed length control field 00899nam a2200193 a 4500
008 - FIXED-LENGTH DATA ELEMENTS--GENERAL INFORMATION
fixed length control field 120416s1984 ||||||||||||||||| || u
050 ## - LIBRARY OF CONGRESS CALL NUMBER
Classification number HD 1387 Eme
100 ## - MAIN ENTRY--PERSONAL NAME
Personal name Emeny, R
245 10 - TITLE STATEMENT
Title Principles and practices of rating valuation
250 ## - EDITION STATEMENT
Edition statement 4th ed.
260 ## - PUBLICATION, DISTRIBUTION, ETC.
Place of publication, distribution, etc. London
Name of publisher, distributor, etc. The Estates Gazette
Date of publication, distribution, etc. 1984
300 ## - PHYSICAL DESCRIPTION
Extent xl, invarious pagings : ill.
350 ## -
-- 0.00
650 ## - SUBJECT ADDED ENTRY--TOPICAL TERM
Topical term or geographic name entry element LAND VALUATION
650 ## - SUBJECT ADDED ENTRY--TOPICAL TERM
Topical term or geographic name entry element LAND
995 ## -
-- MAIN LIBRARY OPEN ACCESS
-- 0.00
-- 707518
-- CBU-MAIN LIBRARY (Kitwe)
-- 3
-- 0.00
-- HD 1387 Eme
-- 3
-- AVAILABLE
-- Aug 1, 2006
-- 005755
-- Main Library Open Access Collection
995 ## -
-- BINDERY (DAMAGED)
-- 0.00
-- 707519
-- CBU-MAIN LIBRARY (Kitwe)
-- 1
-- 0.00
-- HD 1387 Eme
-- 1
-- DAMAGED
-- 005756
-- Main Library Open Access Collection
995 ## -
-- MAIN LIBRARY OPEN ACCESS
-- 0.00
-- 707517
-- CBU-MAIN LIBRARY (Kitwe)
-- 2
-- 0.00
-- HD 1387 Eme
-- 2
-- LOST
-- 707517
-- Main Library Open Access Collection
999 ## -
-- 77285
-- 77285
Holdings
Withdrawn status Lost status Source of classification or shelving scheme Damaged status Not for loan Permanent Location Current Location Shelving location Date acquired Total Checkouts Full call number Barcode Date last seen Copy number Price effective from Koha item type
          CBU-MAIN LIBRARY, KITWE. CBU-MAIN LIBRARY, KITWE.   04/25/2023   HD 1387 Eme 005755 04/25/2023 1 04/25/2023 MONOGRAPH
          CBU-MAIN LIBRARY, KITWE. CBU-MAIN LIBRARY, KITWE.   04/25/2023   HD 1387 Eme 005756 04/25/2023 2 04/25/2023 MONOGRAPH
          CBU-MAIN LIBRARY, KITWE. CBU-MAIN LIBRARY, KITWE.   04/25/2023   HD 1387 Eme 707517 04/25/2023 3 04/25/2023 MONOGRAPH